000 00589nam a2200157 a 4500
008 120416s0000 ||||||||||||||||| || u
020 _a0815749538
050 _aHV 544.5 Kor
100 _aKorn, David A
245 1 0 _aExodus within borders
246 _aan introduction to the crisis of internal displacement
260 _aWashington, D.C.
_bBrookings Institution Press
_c1999
300 _aix, 147p. : ill.
350 _a0.00
995 _D0.00
_FCBU-MAIN LIBRARY (Kitwe)
_H1
_I12.00
_M1
_UAVAILABLE
_ZMain Library Open Access Collection
999 _c42859
_d42859